00614 2200229 4500001002100000005001700021008004100038020001800079035002400097090001500121100002100136245004500157250001100202260003100213300002500244500002700269650003200296850001500328980001300343986001300356999001500369YOGYA-0209000001688120090227022708.0 ind  a979-413-623-9 0010-020900000016881 a598bRas M aRASYAF, Muhammad aMemelihara burung puyuhcMuhammad Rasyaf aCet. 8 aYogyakartabKanisiusc1992 a102 hlmbilusc21 cm aBibliografi : hlm. 102 aBurung puyuh - Pemeliharaan aYOPDYOG(B) a05-12-05 afwhRTREV a95P0058965